000 00525nam a22001697a 4500
005 20230118101558.0
008 200225b xxu||||| |||| 00| 0 eng d
020 _a978-81-239-2289-8
041 _aeng
100 _aKHAR, ROOP K AND VYAS, SP, AHMAD, FARHAN J, JAIN, GAURAV K
_95119
245 _aTHE THEORY AND PRACTICE OF INDUSTRIAL PHARMACY
250 _a4th, Ed. .2020
260 _aNEW DELHI
_bCBS PUBLISHERS & DISTRIBUTORS PVT. LTD
300 _a1203p,
650 _aPHARMACY
_xB.PHARMA & D.PHARMA
_97472
942 _cBK
999 _c6025
_d6023